000 00408nam a22001337a 4500
020 _a9787505730038
082 _a338.761006754
_bDAK
100 _aDu, Dake
245 _a$100 billionThe Facebook Effect (Chinese Edition) /
_cDake Du
260 _bChina Friendship Publishing Company,
_c2012.
300 _a270 p. ;
_c23 cm.
880 _6245-02\r
_a1000 亿美元 Facebook 效应 /
942 _2ddc
_cBK
999 _c591783
_d591783